00820 2200253 4500001002100000005001700021008004100038035002400079082001000103090002000113100002200133245014900155260003100304300002500335440002600360500006900386650002200455700002500477850001500502980001300517985000600530999001500536999001500551YOGYA-0209000003258420090227024709.0 ind  0010-020900000032584 a659.3 a658.3bOdi AlQ aODIORNE, George S aAdministrasi personaliabmetode bimbingan perencana untuk belajar sendiricGeorge S. Odiorne, Roger H .Hermanson; penerjemah, Ny.S.C.U. Munandar aYogyakartabKanisiusc1973 a127 hlmbilusc30 cm aSeri manajemen no. 22 aJudul asli : Programmed learning Aid for personal administration aManajemen pegawai aMunandar, S.C.U., Ny aYOPDYOG(B) a25-12-06 a2 a06A0017538 a06A0017539